000 00932nam a22002417a 4500
999 _c1928
_d1928
003 AR-CdUCM
008 190228b ||||| |||| 00| 0 spa d
020 _a9500701634
040 _aMUNICIPALIDAD PROVINCIAL DEL CUSCO
_cBIBLIOTECA MUNICIPAL DEL CUSCO
082 _a321.6 /
_bK57
100 _aKirkpatrick, Jeanel j.
_97046
245 _aDictadura y contradicción /
260 _aArgentina :
_bSudamericana ,
_c1982.
300 _a305 páginas ;
_c18 cm.
505 _aEl racionalismo en la política exterior -- El racionalismo en la política interna -- Dictadura y contradicción -- La política y la nueva clase...
650 _aEl racionalismo en la política exterior.
_97047
650 _aDictadura y contradicción.
_97048
650 _aRacionalismo en la política interna.
_97049
650 _aPolítica y la nueva clase
_97050
700 _aUrbino, Rafael
_97051
942 _2ddc
_cLIBROS
945 _awfj
_d2019-02-28